000 00617nam a22001817a 4500
008 151119b xxu||||| |||| 00| 0 eng d
020 _a1403935408
041 0 _aeng
080 _a327
100 1 _aGareis, Sven.
240 1 0 _aVereinten Nationen.
_lEnglish
245 1 4 _aThe United Nations :
_cSven Bernhard Gareis and Johannes Varwick ; translated by Lindsay P. Cohn.
260 _aHoundmills, Basingstoke, Hampshire ;
_aNew York :
_bPalgrave Macmillan,
_cc2005.
300 _axiv, 284 f. :
_bme ill. ;
_c25 cm.
650 0 _aKombet e bashkuara
700 1 _aVarwick, Johannes.
942 _2udc
_cBK
999 _c1375
_d1375